00775pam a2200265 a 45000010008000000030005000080050017000130080041000300100017000710200015000880400018001030500021001210820018001421000033001602450069001932500012002622600055002743000033003295000020003625010008003825040041003906500029004316500027004607000022004873399532NUST20171218120710.0891025s1990 maua b 001 0 eng  a 89029706  a0201178664 aDLCcDLCdDLC00aTA165b.B38 199000a681.2 BEC2201 aBeckwith, T. G.q(Thomas G.)10aMechanical measurements /cThomas G. Beckwith, Roy D. Marangoni. a4th ed. aReading, Mass. :bAddison-Wesley Pub. Co.,c[1990] axv, 779 p. :bill. ;c24 cm. aIncludes index. aH.B aIncludes bibliographical references. 0aEngineering instruments. 0aMeasuring instruments.1 aMarangoni, Roy D.